Jeunes dľinquants d'origine maghrb̌ine en France

Bibliographic Details
Main Author: Talbi, Anas
Format: eBook
Published: Pars̕: Éditions Universitaires Europěnes, 2019
Subjects:
Online Access:Acceso restringido

MARC

LEADER 00000nam a22000007a 4500
005 20190930224525.0
007 cr|||| ||||
008 190930s2019 fr |||||s|||| 00||0 fra d
020 |a 9786138475187 
035 |a 28854 
040 |a vLex 
090 |c 9677  |d 9677 
100 1 |a Talbi, Anas 
245 1 0 |a Jeunes dľinquants d'origine maghrb̌ine en France  |h [Recurso electrn̤ico] /  |c Anas Talbi 
256 |a Servicio en ln̕ea 
260 |a Pars̕:  |b Éditions Universitaires Europěnes,  |c 2019 
300 |a 1 recurso electrn̤ico 
500 |a Depuis les anněs 1990, la violence politico-religieuse est peru̇e comme un sřieux phňomn̈e m̌ergeant chez un certain nombre de jeunes de la banlieue franȧise. C’est dans un contexte d'intǧration difficile, sur fond de crise identitaire et sous la pression croissante de revendications socio-čonomiques et politico-religieuses, que la dľinquance des jeunes issus de l’immigration maghrb̌ine en France se transforme selon un processus de maturation criminelle certaine. Cette ťude a soulev ̌les raisons qui poussent des jeunes personnes en particuliers ̉s’engager dans la voie de la violence. Comment se construisent les carrir̈es criminelles chez certains jeunes ? Comment pourraient-ils passer d’une dľinquance ±traditionnelle» ̉une autre de type plus dangereux ? Comment la personnalit ̌dľinquante pourrait-elle se transformer dans certains cas ̉une personnalit ̌terroriste ? Qu'en est-il pour la rǎction sociale, ses df̌is et ses perspectives? Quand on traite du phňomn̈e criminel li ̌au terrorisme religieux, politique ou idǒlogique, comment peut-on repenser le traitement pňal traditionnel de faȯn ̉intǧrer les avancěs des sciences humaines, politiques et criminologiques 
506 1 |a Disponible solo en los productos indicados  |d vLex Global  |d vLex Global (Academic Edition, excluding Law Schools)  |d vLex Global (U.S. Academic Edition, Law Schools)  |d vLex Global (U.S. Academic Edition, excluding Law Schools)  |d vLex Global (Academic Edition, Law Schools) 
650 0 4 |a Derecho Penal  |z Francia 
740 0 |a vLex Libros (Servicio en ln̕ea) 
856 4 0 |u http://vlex.com/source/28854  |z Acceso restringido 
942 |c BOOK 
999 0 |a Criminal law